| 000 | 01725nam a22003137a 4500 | ||
|---|---|---|---|
| 001 | 937 | ||
| 005 | 20230719074607.0 | ||
| 008 | 230714b cb ||||| |||| 00| 0 eng d | ||
| 020 | _a9780763658953 (reinforced trade) | ||
| 040 |
_aDLC _cDLC _beng |
||
| 050 | 0 | 0 |
_aPZ7.W337 _bKiz 2012 |
| 082 | 0 | 0 |
_a813.6 _223 |
| 100 | 1 |
_aWatts, Jeri Hanel, _d1957- |
|
| 245 | 1 | 0 |
_aKizzy Ann Stamps / _cJeri Watts. |
| 250 | _aFirst Scholastic printing, September 2013. | ||
| 260 |
_aNew York : _bScholastic, _c2013. |
||
| 300 |
_a183 pages ; _c20 cm. |
||
| 505 | _aZ' | ||
| 520 |
_a"In 1963, as Kizzy Ann prepares for her first year at an integrated school, she worries about the color of her skin, the scar running from the corner of her right eye to the tip of her smile, and whether anyone at the white school will like her. She writes letters to her new teacher in a clear, insistent voice, stating her troubles and asking questions with startling honesty. The new teacher is supportive, but not everyone feels the same, so there is a lot to write about. Her brother, James, is having a far less positive school experience than she is, and the annoying white neighbor boy won't leave her alone. But Shag, her border collie, is her refuge. Even so, opportunity clashes with obstacle. Kizzy Ann knows she and Shag could compete well in the dog trials, but will she be able to enter?"-- _cProvided by publisher. |
||
| 521 | 1 |
_a920
_bLexile |
|
| 521 | 1 |
_aZ'
_bRaz-Plus |
|
| 650 | 1 |
_aAfrican Americans _vFiction. |
|
| 650 | 1 |
_aTeachers _vFiction. |
|
| 650 | 1 |
_aSchools _vFiction. |
|
| 650 | 1 |
_aBorder collies _vFiction. |
|
| 650 | 1 |
_aDogs _vFiction. |
|
| 906 |
_a7 _bcbc _corignew _d2 _eepcn _f20 _gy-gencatlg |
||
| 942 |
_2ddc _cBK _n0 |
||
| 999 |
_c937 _d937 |
||